| 000 | 01204cam a22003378i 4500 | ||
|---|---|---|---|
| 001 | 18794311 | ||
| 003 | SISC | ||
| 005 | 20161115135401.0 | ||
| 008 | 150924s2016 nyu 000 0 eng | ||
| 010 | _a 2015034334 | ||
| 020 | _a9781138859852 (hardback : alk. paper) | ||
| 020 | _a9781138859869 (pbk. : alk. paper) | ||
| 020 | _z9781315707785 (ebk) | ||
| 040 |
_aDLC _beng _cDLC _erda |
||
| 042 | _apcc | ||
| 050 | 0 | 0 |
_aHD 58.8 _b.S645 2016 |
| 082 | 0 | 0 | _a658.4/06 |
| 100 | 1 |
_aSnyder, Robert A., _eauthor. |
|
| 245 | 1 | 4 |
_aThe social cognitive neuroscience of leading organizational change : _bTiER1 performance solutions' guide for managers and consultants / _cRobert A. Snyder. |
| 260 |
_aNew York : _bRoutledge, _c2016. |
||
| 263 | _a1602 | ||
| 300 |
_axxv, 213 pages : _billustrations ; _c23 cm. |
||
| 500 | _aIncludes bibliographical references and index. | ||
| 650 | 0 |
_aOrganizational change _xManagement. |
|
| 650 | 0 | _aOrganizational behavior. | |
| 650 | 0 | _aCognitive neuroscience. | |
| 650 | 0 | _aPsychology, Industrial. | |
| 906 |
_a7 _bcbc _corignew _d1 _eecip _f20 _gy-gencatlg |
||
| 942 |
_2lcc _cBK |
||
| 999 |
_c305268 _d305268 |
||